000 01048nam a2200277Ia 4500
001 Para_10410
003 CHAP
008 220125sAgos xx 000 0 und d
010 _a209090
040 _cCHAP
090 _aPA CD - TESIS 437
100 _aVera Barreto, Juan
_9129828
245 _aCyazypyr Mezclado en aguas de diferente dureza para el control de Liriomyza sative y Spodoptera exigua en el cultivo de tomate (Lycopersicum esculentum) en Cuautla, Morelos /
_c Juan Vera Barreto; Director Juan Fernando Solís Aguilar
260 _aChapingo, Méx. :
_b el autor
300 _a1 CDS ROM (s/n p.)
502 _aTesis (Ing. Agr. Esp. en Parasitología Agrícola). UACh. Departamento Parasitología Agrícola
700 _aSolís Aguilar, Juan Fernando. Director
_9171333
710 _aUACh Departamento Parasitología Agrícola
901 _aPA CD - TESIS 437
902 _aM
905 _a513220Agosto, 2015 anm 8100000000 06
910 _aAgos
942 _cPARA
942 _cPARA
_d2
999 _c209090
_d209090